[Event "CAN-op U2200"]
[Site "Sault Ste Marie CAN"]
[Date "2017.07.13"]
[Round "5.23"]
[White "Kuttner, Simon"]
[Black "Konovalenko, Sasha"]
[Result "1/2-1/2"]
[WhiteElo "2040"]
[BlackElo "1982"]
[WhiteFideId "-1"]
[WhiteFideId "-1"]
[PlyCount "209"]
[GameId "2160767908344296"]
[EventDate "2017.07.08"]
[EventType "swiss"]
[EventRounds "9"]
[EventCountry "CAN"]
[SourceTitle "hb 2017"]

1. e4 d5 2. exd5 Qxd5 3. Nc3 Qd6 4. d4 c6 5. Nf3 Bg4 6. Be2 Nd7 7. O-O Ngf6 8. Bg5 e6 9. Bh4 Qc7 10. Bg3 Bd6 11. Ne5 Bxe2 12. Qxe2 O-O 13. Nxd7 Qxd7 14. Bxd6 Qxd6 15. Rfd1 Rad8 16. a3 Qc7 17. Qe5 Qb6 18. b4 Ra8 19. Na4 Qd8 20. Nc5 b6 21. Nb3 Qd7 22. c4 Rfd8 23. h3 h6 24. Rd3 Rac8 25. Rad1 Qc7 26. Qxc7 Rxc7 27. g3 Rcd7 28. R3d2 Ne4 29. Rc2 e5 30. d5 cxd5 31. cxd5 Rxd5 32. Rxd5 Rxd5 33. Nc1 a5 34. bxa5 Rxa5 35. Rb2 Ra6 36. Rb4 Nc5 37. Kg2 Nd7 38. Rb3 Kf8 39. Nd3 f6 40. Nb2 Ke7 41. Kf3 Kd6 42. Rc3 Nc5 43. Ke3 Kd5 44. Nd3 Nxd3 45. Kxd3 Ra4 46. Rb3 Rd4+ 47. Kc3 Kc5 48. h4 h5 49. Rb1 b5 50. Rb2 Rc4+ 51. Kd2 Kb6 52. Rb3 Ka5 53. Re3 Ka4 54. f3 Ka5 55. Re1 Kb6 56. Re3 Kc5 57. Rb3 Rd4+ 58. Kc2 Kc6 59. Re3 Ra4 60. Kd2 Kd5 61. Rb3 Rd4+ 62. Kc2 Kc4 63. Rc3+ Kd5 64. Rb3 Kc5 65. Re3 Rc4+ 66. Kd2 Kd4 67. Rd3+ Kc5 68. Re3 b4 69. axb4+ Rxb4 70. Rc3+ Kd6 71. Ke3 Ke6 72. Rc7 g6 73. Rc6+ Kf5 74. Rc2 Rb1 75. Kf2 Ra1 76. Kg2 Ra3 77. Rf2 Rd3 78. Kh2 g5 79. Kh3 Kg6 80. hxg5 Kxg5 81. f4+ exf4 82. Rxf4 Rd5 83. Rf2 Rd3 84. Kg2 Rd4 85. Kh3 h4 86. gxh4+ Rxh4+ 87. Kg3 Rg4+ 88. Kh3 f5 89. Rf3 Re4 90. Kg3 f4+ 91. Kf2 Kg4 92. Ra3 Rb4 93. Ra2 Rb3 94. Kg2 Rg3+ 95. Kf2 Re3 96. Ra8 Rf3+ 97. Kg2 Rg3+ 98. Kf2 Rb3 99. Rg8+ Kf5 100. Rf8+ Ke5 101. Re8+ Kd5 102. Rd8+ Ke6 103. Re8+ Kf6 104. Rf8+ Kg5 105. Rg8+ 1/2-1/2

[Event "CAN-op U2200"]
[Site "Sault Ste Marie CAN"]
[Date "2017.07.13"]
[Round "5.24"]
[White "Kiviaho, Robert"]
[Black "Villeneuve, Robert"]
[Result "1-0"]
[WhiteElo "2191"]
[BlackElo "1865"]
[WhiteFideId "-1"]
[WhiteFideId "-1"]
[PlyCount "106"]
[GameId "2160767908344297"]
[EventDate "2017.07.08"]
[EventType "swiss"]
[EventRounds "9"]
[EventCountry "CAN"]
[SourceTitle "EXT 2022"]
[Source "ChessBase"]
[SourceDate "2021.10.06"]
[SourceVersion "1"]
[SourceVersionDate "2021.10.06"]
[SourceQuality "1"]

1. e4 c5 2. Nf3 d6 3. d4 cxd4 4. Nxd4 Nf6 5. Nc3 g6 6. Be3 Bg7 7. f3 O-O 8. Qd2 Nc6 9. Bc4 Bd7 10. O-O-O Rc8 11. Bb3 Nxd4 12. Bxd4 b5 13. e5 dxe5 14. Bxe5 Bc6 15. Qxd8 Rfxd8 16. Rxd8+ Rxd8 17. Rd1 Rxd1+ 18. Kxd1 Nd7 19. Bxg7 Kxg7 20. a3 e6 21. Ne2 Nc5 22. Ba2 Kf6 23. Kd2 Ke7 24. b4 Nb7 25. Nd4 Be8 26. c4 bxc4 27. Bxc4 Nd6 28. Bd3 e5 29. Ne2 f5 30. Nc3 Bc6 31. Ke3 Ke6 32. a4 f4+ 33. Ke2 Nf5 34. Bxf5+ gxf5 35. Kd3 Kd6 36. Kc4 e4 37. Kd4 exf3 38. gxf3 Bxf3 39. Nb5+ Kd7 40. Nxa7 Be2 41. b5 Kc7 42. Nc6 Kb6 43. Ne7 Bd1 44. Nd5+ Kb7 45. a5 Ba4 46. Nc3 f3 47. Ke3 Bxb5 48. Nxb5 Ka6 49. Nd4 Kxa5 50. Kxf3 Kb4 51. Kf4 Kc5 52. Nxf5 Kd5 53. Ng7 Kc5 1-0

[Event "CAN-op U2200"]
[Site "Sault Ste Marie CAN"]
[Date "2017.07.13"]
[Round "5.25"]
[White "Li, Eric M"]
[Black "Zhao, Ian"]
[Result "1-0"]
[WhiteElo "1992"]
[BlackElo "1930"]
[WhiteFideId "-1"]
[WhiteFideId "-1"]
[PlyCount "79"]
[GameId "2160767908344298"]
[EventDate "2017.07.08"]
[EventType "swiss"]
[EventRounds "9"]
[EventCountry "CAN"]
[SourceTitle "hb 2017"]

1. d4 Nf6 2. Nf3 g6 3. Bf4 Bg7 4. e3 O-O 5. Be2 d6 6. h3 c5 7. c3 b6 8. O-O Bb7 9. Nbd2 Nbd7 10. a4 Rc8 11. a5 bxa5 12. Qa4 cxd4 13. exd4 e5 14. Bh2 e4 15. Ne1 Bc6 16. Qxa5 Nb6 17. Nc2 Bh6 18. Nc4 d5 19. Ne5 Nfd7 20. Nxc6 Rxc6 21. Nb4 Re6 22. Nxd5 f5 23. Nxb6 axb6 24. Qa2 Qe7 25. Bc4 Rff6 26. Be5 Kf8 27. Bxf6 Rxf6 28. Qa8+ Qe8 29. Qxe8+ Kxe8 30. Bb5 Rd6 31. Ra7 Bd2 32. Bxd7+ Rxd7 33. Rxd7 Kxd7 34. Ra1 Kc6 35. Kf1 f4 36. Ke2 e3 37. fxe3 fxe3 38. Kd3 h6 39. Rd1 e2 40. Kxe2 1-0

[Event "CAN-op U2200"]
[Site "Sault Ste Marie CAN"]
[Date "2017.07.13"]
[Round "6"]
[White "Calvelo, Jelvis"]
[Black "Kiviaho, Robert"]
[Result "1/2-1/2"]
[WhiteElo "2187"]
[BlackElo "2191"]
[WhiteFideId "-1"]
[WhiteFideId "-1"]
[PlyCount "103"]
[GameId "2160767908344300"]
[EventDate "2017.07.08"]
[EventType "swiss"]
[EventRounds "9"]
[EventCountry "CAN"]
[SourceTitle "EXT 2022"]
[Source "ChessBase"]
[SourceDate "2021.10.06"]
[SourceVersion "1"]
[SourceVersionDate "2021.10.06"]
[SourceQuality "1"]

1. Nf3 Nf6 2. c4 e6 3. d4 d5 4. Qc2 Be7 5. Bg5 O-O 6. e3 c5 7. cxd5 exd5 8. Bxf6 gxf6 9. dxc5 Qa5+ 10. Qc3 Qxc5 11. Qxc5 Bxc5 12. a3 Re8 13. Bb5 Nc6 14. O-O a6 15. Bxc6 bxc6 16. Rc1 Be7 17. Rxc6 a5 18. Nbd2 a4 19. Nd4 Rd8 20. Rc2 Rd6 21. Rac1 Bd7 22. Nc6 Bf8 23. Nf3 Kg7 24. Nfd4 Kg6 25. f4 Ra6 26. Nb8 Rab6 27. Nxd7 Rxd7 28. Rd1 f5 29. Kf2 Bg7 30. Kf3 Rdb7 31. Rdd2 Bf6 32. h3 h5 33. g3 Bg7 34. Ke2 Bxd4 35. Rxd4 Rxb2 36. Rxb2 Rxb2+ 37. Kf3 h4 38. gxh4 Rh2 39. Rxa4 Rxh3+ 40. Ke2 Rxh4 41. Kd3 Rh1 42. Ra8 Ra1 43. a4 Kh5 44. Kd4 Kg4 45. Kxd5 Ra3 46. Kd4 Kf3 47. Ra5 Rxe3 48. Rxf5 Re4+ 49. Kd5 Rxa4 50. Ke5 Ra5+ 51. Kf6 Rxf5+ 52. Kxf5 1/2-1/2

[Event "CAN-op U2200"]
[Site "Sault Ste Marie CAN"]
[Date "2017.07.13"]
[Round "6"]
[White "Chernik, Dmitry"]
[Black "Shah, Omar"]
[Result "1-0"]
[WhiteElo "2041"]
[BlackElo "1879"]
[WhiteFideId "-1"]
[WhiteFideId "-1"]
[PlyCount "73"]
[GameId "2160767908344301"]
[EventDate "2017.07.08"]
[EventType "swiss"]
[EventRounds "9"]
[EventCountry "CAN"]
[SourceTitle "EXT 2022"]
[Source "ChessBase"]
[SourceDate "2021.10.06"]
[SourceVersion "1"]
[SourceVersionDate "2021.10.06"]
[SourceQuality "1"]

1. e4 e6 2. Qe2 c5 3. f4 g6 4. Nf3 Bg7 5. d3 Ne7 6. g3 Nbc6 7. c3 b5 8. Bg2 b4 9. O-O Ba6 10. e5 d6 11. c4 Rc8 12. Nbd2 dxe5 13. fxe5 Nxe5 14. Nxe5 Qd4+ 15. Kh1 Qxe5 16. Ne4 O-O 17. Bh6 f5 18. Bf4 Qxb2 19. Nd2 e5 20. Rab1 Qc3 21. Rfc1 Qd4 22. Nf3 Qd6 23. Nxe5 Rce8 24. Re1 Qd8 25. Qe3 Qc8 26. Qf3 h6 27. h4 Rf6 28. Re3 Rb6 29. Rbe1 Rd8 30. Nf7 Kxf7 31. Rxe7+ Kg8 32. Qe3 Bd4 33. Bd5+ Rxd5 34. Re8+ Qxe8 35. Qxe8+ Kh7 36. Qf7+ Bg7 37. Re7 1-0

[Event "CAN-op U2200"]
[Site "Sault Ste Marie CAN"]
[Date "2017.07.13"]
[Round "6"]
[White "Gaisinsky, Adam"]
[Black "Kuttner, Simon"]
[Result "1-0"]
[WhiteElo "2056"]
[BlackElo "2040"]
[WhiteFideId "-1"]
[WhiteFideId "-1"]
[PlyCount "63"]
[GameId "2160767908344302"]
[EventDate "2017.07.08"]
[EventType "swiss"]
[EventRounds "9"]
[EventCountry "CAN"]
[SourceTitle "EXT 2022"]
[Source "ChessBase"]
[SourceDate "2021.10.06"]
[SourceVersion "1"]
[SourceVersionDate "2021.10.06"]
[SourceQuality "1"]

1. e4 c5 2. Nf3 Nc6 3. d4 cxd4 4. Nxd4 g6 5. c4 Bg7 6. Be3 Nf6 7. Nc3 O-O 8. Be2 d6 9. O-O Nxd4 10. Bxd4 Bd7 11. f3 Bc6 12. Nd5 e6 13. Nxf6+ Bxf6 14. b4 Bxd4+ 15. Qxd4 e5 16. Qe3 Qb6 17. Qxb6 axb6 18. b5 Be8 19. Rfd1 Rd8 20. Rd5 f5 21. Rad1 fxe4 22. Rxd6 Ra8 23. R1d2 e3 24. R2d3 Rxa2 25. Rxe3 Bf7 26. Rxe5 Rc2 27. Rxb6 Ra8 28. Rxb7 Ra1+ 29. Kf2 Raa2 30. Ree7 g5 31. Rbc7 Rab2 32. c5 1-0

[Event "CAN-op U2200"]
[Site "Sault Ste Marie CAN"]
[Date "2017.07.13"]
[Round "6"]
[White "Javidfard, Amirsalar"]
[Black "Drkulec, Vladimir"]
[Result "1-0"]
[WhiteElo "1958"]
[BlackElo "2000"]
[WhiteFideId "-1"]
[WhiteFideId "-1"]
[PlyCount "65"]
[GameId "2160767908344303"]
[EventDate "2017.07.08"]
[EventType "swiss"]
[EventRounds "9"]
[EventCountry "CAN"]
[SourceTitle "EXT 2022"]
[Source "ChessBase"]
[SourceDate "2021.10.06"]
[SourceVersion "1"]
[SourceVersionDate "2021.10.06"]
[SourceQuality "1"]

1. d4 Nf6 2. c4 c5 3. Nf3 g6 4. Nc3 Bg7 5. e4 cxd4 6. Nxd4 d6 7. Be2 O-O 8. O-O b6 9. Be3 Bb7 10. f3 Nbd7 11. Qd2 Re8 12. Rfd1 Rc8 13. Rac1 a6 14. b4 Ne5 15. Nd5 Nfd7 16. Nb3 f5 17. exf5 gxf5 18. Nf4 Nf8 19. c5 dxc5 20. Qc2 Qc7 21. Qxf5 e6 22. Qh3 c4 23. Nh5 Qf7 24. Nd2 c3 25. Ne4 Bxe4 26. fxe4 Bh8 27. Bxa6 Ra8 28. Bb5 Rec8 29. a4 Qb7 30. Qh4 Nfg6 31. Nf6+ Bxf6 32. Qxf6 Qxe4 33. Bh6 1-0

[Event "CAN-op U2200"]
[Site "Sault Ste Marie CAN"]
[Date "2017.07.13"]
[Round "6"]
[White "Kang, Dorian"]
[Black "Piccinin, Mario"]
[Result "1-0"]
[WhiteElo "2026"]
[BlackElo "1826"]
[WhiteFideId "-1"]
[WhiteFideId "-1"]
[PlyCount "75"]
[GameId "2160767908344304"]
[EventDate "2017.07.08"]
[EventType "swiss"]
[EventRounds "9"]
[EventCountry "CAN"]
[SourceTitle "EXT 2022"]
[Source "ChessBase"]
[SourceDate "2021.10.06"]
[SourceVersion "1"]
[SourceVersionDate "2021.10.06"]
[SourceQuality "1"]

1. c4 f5 2. d4 e6 3. Nc3 Nf6 4. Nf3 Be7 5. g3 O-O 6. Bg2 d6 7. O-O Nc6 8. d5 Ne5 9. dxe6 Nxc4 10. Nd4 g6 11. Bh6 Re8 12. Bc6 Bf8 13. Bxe8 Bxh6 14. Bf7+ Kg7 15. e7 Qxe7 16. Bxc4 c6 17. Nf3 d5 18. Bb3 f4 19. Qd4 Bh3 20. Rfe1 b6 21. Rad1 Re8 22. Ba4 fxg3 23. hxg3 b5 24. Bxb5 cxb5 25. Nxd5 Qd6 26. Nxf6 Qxf6 27. Qxa7+ Kg8 28. Qd4 Qf8 29. Qh4 Be6 30. Ng5 Bc8 31. e4 Re5 32. Nf3 g5 33. Qh5 Rc5 34. Rc1 Kg7 35. Rxc5 Qxc5 36. e5 Qe7 37. e6 Bxe6 38. Nd4 1-0

[Event "CAN-op U2200"]
[Site "Sault Ste Marie CAN"]
[Date "2017.07.13"]
[Round "6"]
[White "Konovalenko, Sasha"]
[Black "Aniunoh, Chike Jude"]
[Result "0-1"]
[WhiteElo "1982"]
[BlackElo "2153"]
[WhiteFideId "-1"]
[WhiteFideId "-1"]
[PlyCount "140"]
[GameId "2160767908344305"]
[EventDate "2017.07.08"]
[EventType "swiss"]
[EventRounds "9"]
[EventCountry "CAN"]
[SourceTitle "EXT 2022"]
[Source "ChessBase"]
[SourceDate "2021.10.06"]
[SourceVersion "1"]
[SourceVersionDate "2021.10.06"]
[SourceQuality "1"]

1. d4 Nf6 2. Bf4 d6 3. Nc3 e6 4. e4 Be7 5. Nf3 b6 6. Bb5+ c6 7. Be2 d5 8. exd5 exd5 9. O-O O-O 10. Ne5 Bb7 11. Bf3 Nfd7 12. Nxd7 Nxd7 13. Ne2 Bf6 14. c3 Re8 15. Ng3 g6 16. Qd2 Nf8 17. Rfe1 Ne6 18. Be3 Qd6 19. Ne2 Re7 20. Nf4 Ng5 21. Be2 Ne4 22. Qc1 Rae8 23. Bf1 Bg5 24. g3 Nf6 25. Ng2 Bxe3 26. Rxe3 Ne4 27. Qc2 Ng5 28. Kh1 Bc8 29. Rae1 Bf5 30. Bd3 Be4 31. Bxe4 dxe4 32. R1e2 Qd5 33. b3 Qf5 34. Nf4 Nf3 35. Kg2 g5 36. Nh3 h5 37. Ng1 h4 38. Kh1 g4 39. Kg2 hxg3 40. fxg3 Re6 41. Kh1 Kg7 42. Rf2 Qg5 43. Rfe2 f5 44. a4 Kf7 45. b4 Rh8 46. Qa2 Nxh2 47. Rxh2 Rxh2+ 48. Qxh2 Rh6 49. Re2 Rxh2+ 50. Kxh2 Qc1 51. Rf2 Kf6 52. Ne2 Qe1 53. Rg2 e3 54. b5 cxb5 55. axb5 Qb1 56. Nf4 Qxb5 57. Re2 a5 58. Rxe3 a4 59. d5 a3 60. Re6+ Kf7 61. d6 Qb2+ 62. Kg1 Qxc3 63. Kf2 Qd2+ 64. Kf1 a2 65. Re7+ Kf6 66. Re6+ Kf7 67. Re7+ Kf8 68. Ne6+ Kg8 69. Re8+ Kf7 70. Re7+ Kg6 0-1

[Event "CAN-op U2200"]
[Site "Sault Ste Marie CAN"]
[Date "2017.07.13"]
[Round "6"]
[White "Kuryliw, Ray"]
[Black "Aird, Ian"]
[Result "0-1"]
[WhiteElo "1838"]
[BlackElo "1978"]
[WhiteFideId "-1"]
[WhiteFideId "-1"]
[PlyCount "76"]
[GameId "2160767908344306"]
[EventDate "2017.07.08"]
[EventType "swiss"]
[EventRounds "9"]
[EventCountry "CAN"]
[SourceTitle "EXT 2022"]
[Source "ChessBase"]
[SourceDate "2021.10.06"]
[SourceVersion "1"]
[SourceVersionDate "2021.10.06"]
[SourceQuality "1"]

1. f4 d5 2. e3 g6 3. Nf3 Bg7 4. Be2 c5 5. d3 Nc6 6. O-O Nf6 7. Ne5 Bd7 8. Nd2 O-O 9. Ndf3 Ne8 10. c3 f6 11. Nxd7 Qxd7 12. Qc2 Kh8 13. Bd2 Nd6 14. Rad1 Rae8 15. Bc1 e6 16. e4 d4 17. c4 e5 18. a3 f5 19. fxe5 Nxe5 20. Nxe5 Bxe5 21. Bh6 Rf7 22. exf5 Rxf5 23. Bc1 Qe7 24. Bf3 Ref8 25. Qd2 Qh4 26. Qh6 Bxh2+ 27. Kh1 Bg3+ 28. Qxh4 Bxh4 29. Bd2 Kg7 30. b4 b6 31. a4 Bg5 32. Be1 Be3 33. Bg3 Bf4 34. Be1 R5f6 35. Bd5 g5 36. bxc5 bxc5 37. Rb1 Rh6+ 38. Kg1 Bh2+ 0-1

[Event "CAN-op U2200"]
[Site "Sault Ste Marie CAN"]
[Date "2017.07.13"]
[Round "6"]
[White "Ning, Eric"]
[Black "Groot-Lipman, Jeff"]
[Result "1/2-1/2"]
[WhiteElo "1922"]
[BlackElo "1909"]
[WhiteFideId "-1"]
[WhiteFideId "-1"]
[PlyCount "91"]
[GameId "2160767908344307"]
[EventDate "2017.07.08"]
[EventType "swiss"]
[EventRounds "9"]
[EventCountry "CAN"]
[SourceTitle "EXT 2022"]
[Source "ChessBase"]
[SourceDate "2021.10.06"]
[SourceVersion "1"]
[SourceVersionDate "2021.10.06"]
[SourceQuality "1"]

1. d4 e6 2. c4 b6 3. a3 Bb7 4. Nc3 f5 5. Nf3 Nf6 6. Bf4 Be7 7. e3 O-O 8. h3 a5 9. Bd3 Na6 10. Qc2 d6 11. Bh2 Qd7 12. O-O g6 13. Rfe1 Bxf3 14. gxf3 c5 15. Qe2 Rae8 16. Bc2 Rd8 17. Nb5 Nc7 18. Ba4 Nxb5 19. Bxb5 Qc7 20. b4 cxb4 21. axb4 axb4 22. Qa2 Kg7 23. Rec1 Ra8 24. Qxa8 Rxa8 25. Rxa8 Qb7 26. Rca1 Qxf3 27. R8a7 Ne4 28. R1a2 Kf6 29. Bc6 b3 30. Rb2 Qd1+ 31. Kg2 Nd2 32. Ra3 Nxc4 33. Raxb3 Nxb2 34. Rxb2 Bd8 35. Bf3 Qa1 36. Rc2 Qa4 37. Rc6 d5 38. Bxd5 Qb5 39. Rxe6+ Kg7 40. Be5+ Kh6 41. Bf3 Qd7 42. Rd6 Qe7 43. Rc6 Qd7 44. Rd6 Qe7 45. Rc6 Qd7 46. Rd6 1/2-1/2

[Event "CAN-op U2200"]
[Site "Sault Ste Marie CAN"]
[Date "2017.07.13"]
[Round "6"]
[White "Ranola, Alberto"]
[Black "Li, Eric M"]
[Result "1-0"]
[WhiteElo "2075"]
[BlackElo "1992"]
[WhiteFideId "-1"]
[WhiteFideId "-1"]
[PlyCount "65"]
[GameId "2160767908344308"]
[EventDate "2017.07.08"]
[EventType "swiss"]
[EventRounds "9"]
[EventCountry "CAN"]
[SourceTitle "EXT 2022"]
[Source "ChessBase"]
[SourceDate "2021.10.06"]
[SourceVersion "1"]
[SourceVersionDate "2021.10.06"]
[SourceQuality "1"]

1. Nf3 Nf6 2. c4 g6 3. g3 Bg7 4. Bg2 O-O 5. O-O d5 6. cxd5 Nxd5 7. Nc3 Nxc3 8. bxc3 c5 9. d4 Nc6 10. e3 Bf5 11. Nh4 Bd7 12. Rb1 Qc7 13. Ba3 cxd4 14. cxd4 Bf6 15. Qb3 Na5 16. Qb4 Rab8 17. Rfc1 Qd8 18. Qd2 b6 19. e4 Rc8 20. Bf1 Rxc1 21. Rxc1 Bc6 22. d5 Ba4 23. Nf3 Qd7 24. Qf4 Ra8 25. e5 Bg7 26. e6 fxe6 27. dxe6 Qe8 28. Rc7 Bf6 29. Ne5 a6 30. Ng4 Qd8 31. Bxe7 Bxe7 32. Qf7+ Kh8 33. Nf6 1-0

[Event "CAN-op U2200"]
[Site "Sault Ste Marie CAN"]
[Date "2017.07.13"]
[Round "6"]
[White "Rowlinson, Terry"]
[Black "Ellis, James"]
[Result "1/2-1/2"]
[WhiteElo "1837"]
[BlackElo "1853"]
[WhiteFideId "-1"]
[WhiteFideId "-1"]
[PlyCount "90"]
[GameId "2160767908344309"]
[EventDate "2017.07.08"]
[EventType "swiss"]
[EventRounds "9"]
[EventCountry "CAN"]
[SourceTitle "EXT 2022"]
[Source "ChessBase"]
[SourceDate "2021.10.06"]
[SourceVersion "1"]
[SourceVersionDate "2021.10.06"]
[SourceQuality "1"]

1. d4 Nf6 2. Nf3 g6 3. Nc3 d5 4. Bf4 c5 5. e3 Bg7 6. Be2 O-O 7. h4 h6 8. Qd2 Ne4 9. Nxe4 dxe4 10. Ne5 Nd7 11. Ng4 Kh7 12. c3 Qe8 13. O-O-O e5 14. dxe5 Nxe5 15. Nxe5 Bxe5 16. Bxe5 Qxe5 17. Qd6 Qxd6 18. Rxd6 Be6 19. b3 Rfd8 20. Rhd1 Rxd6 21. Rxd6 Rc8 22. Bd1 Re8 23. Bc2 Bc8 24. Kd2 Re7 25. c4 Kg7 26. a3 f5 27. g3 Rd7 28. Rxd7+ Bxd7 29. Kc3 Kf6 30. b4 b6 31. Bd1 Ke5 32. f4+ Kf6 33. b5 g5 34. hxg5+ hxg5 35. Bh5 Kg7 36. Be2 Kg6 37. Kd2 Kh6 38. Ke1 Be8 39. g4 fxg4 40. Bxg4 Bh5 41. fxg5+ Kxg5 42. Be6 Bg4 43. Bd5 Bf5 44. Kf2 Kh4 45. Bf7 Kh3 1/2-1/2

[Event "CAN-op U2200"]
[Site "Sault Ste Marie CAN"]
[Date "2017.07.13"]
[Round "6"]
[White "Wang, Jeff"]
[Black "Botez, Andrea"]
[Result "0-1"]
[WhiteElo "1939"]
[BlackElo "1887"]
[WhiteFideId "-1"]
[WhiteFideId "-1"]
[PlyCount "56"]
[GameId "2160767908344310"]
[EventDate "2017.07.08"]
[EventType "swiss"]
[EventRounds "9"]
[EventCountry "CAN"]
[SourceTitle "EXT 2022"]
[Source "ChessBase"]
[SourceDate "2021.10.06"]
[SourceVersion "1"]
[SourceVersionDate "2021.10.06"]
[SourceQuality "1"]

1. e4 d6 2. d4 g6 3. Nc3 Bg7 4. f4 Nf6 5. Nf3 O-O 6. e5 Nfd7 7. h4 c5 8. h5 cxd4 9. Qxd4 dxe5 10. Qf2 exf4 11. Bxf4 Qb6 12. Qxb6 Nxb6 13. O-O-O Bg4 14. Rh4 gxh5 15. Bd3 N8d7 16. Rdh1 h6 17. Nh2 f5 18. Nxg4 hxg4 19. Bxh6 e6 20. Bb5 Nf6 21. Be3 Rad8 22. Na4 Nbd5 23. Bxa7 Ne4 24. Bc5 Rf7 25. Bc4 Bf6 26. Rh6 Bg5+ 27. Kb1 Bxh6 28. Rxh6 Nd2+ 0-1

[Event "CAN-op U2200"]
[Site "Sault Ste Marie CAN"]
[Date "2017.07.13"]
[Round "6"]
[White "Wu, Chenxi"]
[Black "Lambruschini, Alex"]
[Result "1-0"]
[WhiteElo "1904"]
[BlackElo "1837"]
[WhiteFideId "-1"]
[WhiteFideId "-1"]
[PlyCount "111"]
[GameId "2160767908344312"]
[EventDate "2017.07.08"]
[EventType "swiss"]
[EventRounds "9"]
[EventCountry "CAN"]
[SourceTitle "EXT 2022"]
[Source "ChessBase"]
[SourceDate "2021.10.06"]
[SourceVersion "1"]
[SourceVersionDate "2021.10.06"]
[SourceQuality "1"]

1. e4 e5 2. Nf3 Nc6 3. Bb5 a6 4. Ba4 Nf6 5. d3 b5 6. Bb3 Be7 7. O-O d6 8. c3 O-O 9. Re1 Bg4 10. Nbd2 Rc8 11. h3 Bh5 12. Nf1 Na5 13. Bc2 c5 14. Ng3 Bg6 15. d4 Nc6 16. d5 Nb8 17. a4 b4 18. a5 bxc3 19. bxc3 c4 20. Be3 Nfd7 21. Qe2 Nc5 22. Nd2 f6 23. Nxc4 Be8 24. Nb6 Rc7 25. Qg4 Nbd7 26. Nc4 Kh8 27. Nf5 Rg8 28. Nfxd6 Bxd6 29. Nxd6 Bg6 30. Qe2 Nb8 31. Bxc5 Rxc5 32. Nb7 Qc7 33. Nxc5 Qxc5 34. c4 Rd8 35. Reb1 Nd7 36. Rb7 Qd6 37. Rab1 Kg8 38. Qg4 Bf7 39. Ba4 Nc5 40. R7b6 Qf8 41. Bc2 Bg6 42. Qf3 h6 43. Qe3 Kh7 44. Rc6 Rc8 45. Rxc8 Qxc8 46. Rb6 Be8 47. Bd1 Nd7 48. Rc6 Qb7 49. Qb3 Qa7 50. Bg4 Qd4 51. Bf5+ Kg8 52. Rc8 Kf7 53. Be6+ Kg6 54. Rxe8 Qxe4 55. Qg3+ Kh7 56. Bxd7 1-0

[Event "CAN-op U2200"]
[Site "Sault Ste Marie CAN"]
[Date "2017.07.13"]
[Round "6"]
[White "Xu, Ruoying"]
[Black "Ehab, Mohamed"]
[Result "1-0"]
[WhiteElo "2064"]
[BlackElo "2057"]
[WhiteFideId "-1"]
[WhiteFideId "-1"]
[PlyCount "93"]
[GameId "2160767908344313"]
[EventDate "2017.07.08"]
[EventType "swiss"]
[EventRounds "9"]
[EventCountry "CAN"]
[SourceTitle "EXT 2022"]
[Source "ChessBase"]
[SourceDate "2021.10.06"]
[SourceVersion "1"]
[SourceVersionDate "2021.10.06"]
[SourceQuality "1"]

1. d4 Nf6 2. Nf3 d5 3. Bg5 g6 4. e3 Bg7 5. Bd3 c5 6. c3 b6 7. Nbd2 O-O 8. O-O Ba6 9. Bxa6 Nxa6 10. Qe2 Nc7 11. Rfd1 Qe8 12. Bf4 Nb5 13. a4 Nd6 14. h3 Nfe4 15. Nxe4 dxe4 16. Ne5 Rc8 17. d5 g5 18. Bh2 f5 19. Nc6 Rc7 20. a5 b5 21. a6 h5 22. f3 exf3 23. Qxf3 Qg6 24. Ne5 Qh6 25. h4 g4 26. Qf4 Qf6 27. Qg5 Ne4 28. Qxf6 exf6 29. Nxg4 Rd7 30. Nf2 Bh6 31. Nxe4 fxe4 32. Kf2 Rfd8 33. d6 Bf8 34. Ra5 Bxd6 35. Bxd6 Rxd6 36. Rxd6 Rxd6 37. Rxb5 Rxa6 38. Rxc5 Rb6 39. b4 Kf7 40. Rc7+ Ke6 41. Rxa7 Kd5 42. Rd7+ Ke5 43. Rc7 Kf5 44. Kg3 Rb5 45. Rc5+ Rxc5 46. bxc5 Ke5 47. c6 1-0

[Event "CAN-op U2200"]
[Site "Sault Ste Marie CAN"]
[Date "2017.07.13"]
[Round "6"]
[White "Zapata, Julian"]
[Black "Warusawitharana, Missaka N"]
[Result "0-1"]
[WhiteElo "1876"]
[BlackElo "2178"]
[WhiteFideId "-1"]
[WhiteFideId "-1"]
[PlyCount "94"]
[GameId "2160767908344314"]
[EventDate "2017.07.08"]
[EventType "swiss"]
[EventRounds "9"]
[EventCountry "CAN"]
[SourceTitle "EXT 2022"]
[Source "ChessBase"]
[SourceDate "2021.10.06"]
[SourceVersion "1"]
[SourceVersionDate "2021.10.06"]
[SourceQuality "1"]

1. e4 e5 2. Nf3 Nc6 3. Bc4 Bc5 4. d3 Nf6 5. Bg5 h6 6. Be3 Bb6 7. h3 d5 8. exd5 Nxd5 9. Bxd5 Qxd5 10. Bxb6 axb6 11. Nc3 Qc5 12. O-O O-O 13. Re1 Bf5 14. a3 Rfe8 15. Qd2 Nd4 16. Nxd4 exd4 17. Ne4 Qb5 18. b3 Qd5 19. Qf4 Bxe4 20. Rxe4 Rxe4 21. Qxe4 Qxe4 22. dxe4 b5 23. Kf1 Kf8 24. Ke2 Ke7 25. Kd3 c5 26. c3 dxc3 27. Kxc3 Rxa3 28. Rxa3 b4+ 29. Kb2 bxa3+ 30. Kxa3 b5 31. Kb2 Kd6 32. f4 g5 33. g3 gxf4 34. gxf4 c4 35. bxc4 bxc4 36. Kc3 Kc5 37. h4 h5 38. f5 f6 39. e5 fxe5 40. Kd2 e4 41. Ke3 c3 42. f6 Kd6 43. Kxe4 c2 44. Kf5 c1=Q 45. Kg6 Qf4 46. f7 Ke7 47. Kxh5 Qxf7+ 0-1

[Event "CAN-op U2200"]
[Site "Sault Ste Marie CAN"]
[Date "2017.07.13"]
[Round "6"]
[White "Zhao, Ian"]
[Black "Villeneuve, Robert"]
[Result "1-0"]
[WhiteElo "1930"]
[BlackElo "1865"]
[WhiteFideId "-1"]
[WhiteFideId "-1"]
[PlyCount "93"]
[GameId "2160767908344315"]
[EventDate "2017.07.08"]
[EventType "swiss"]
[EventRounds "9"]
[EventCountry "CAN"]
[SourceTitle "EXT 2022"]
[Source "ChessBase"]
[SourceDate "2021.10.06"]
[SourceVersion "1"]
[SourceVersionDate "2021.10.06"]
[SourceQuality "1"]

1. e4 c5 2. c3 Nf6 3. e5 Nd5 4. d4 cxd4 5. Nf3 e6 6. cxd4 d6 7. Bc4 Nc6 8. O-O Be7 9. Qe2 O-O 10. Rd1 Nb6 11. Bb3 Qc7 12. Nc3 a6 13. Bf4 dxe5 14. Nxe5 Nxe5 15. Bxe5 Bd6 16. Rac1 Qe7 17. Bxd6 Qxd6 18. d5 exd5 19. Nxd5 Nxd5 20. Bxd5 Qb6 21. Qe7 Bg4 22. Re1 Rad8 23. Qxb7 Qd4 24. Bb3 Be6 25. Qxa6 Bxb3 26. axb3 Rd6 27. Qe2 Re6 28. Qc2 Rb6 29. Re3 h6 30. Qc5 Qxc5 31. Rxc5 Rfb8 32. Rcc3 Rd8 33. Red3 Ra8 34. Kf1 Re6 35. Re3 Ra1+ 36. Ke2 Rb1 37. Rc2 Rd6 38. b4 Rh1 39. h3 Rg1 40. g3 Ra1 41. b5 Rb6 42. Rb3 Ra5 43. Rc5 Kf8 44. Kd3 Ke7 45. Kc4 Kd6 46. Rd3+ Ke6 47. Rc6+ 1-0